IELTS reading
Practical IELTS strategies
Kaydedildi:
| Yazar: | |
|---|---|
| Materyal Türü: | Kitap |
| Dil: | Undetermined |
| Baskı/Yayın Bilgisi: |
Thành phố Hồ Chí Minh
Tổng hợp
2015
|
| Konular: | |
| Etiketler: |
Etiketle
Etiket eklenmemiş, İlk siz ekleyin!
|
| Thư viện lưu trữ: | Trung tâm Học liệu Trường Đại học Cần Thơ |
|---|
| LEADER | 00644nam a2200229Ia 4500 | ||
|---|---|---|---|
| 001 | CTU_202625 | ||
| 008 | 210402s9999 xx 000 0 und d | ||
| 020 | |c 188000 | ||
| 082 | |a 428.0076 | ||
| 082 | |b G953 | ||
| 100 | |a Guilfoyle, Andrew | ||
| 245 | 0 | |a IELTS reading | |
| 245 | 0 | |c Andrew Guilfoyle | |
| 260 | |a Thành phố Hồ Chí Minh | ||
| 260 | |b Tổng hợp | ||
| 260 | |c 2015 | ||
| 520 | |a Practical IELTS strategies | ||
| 650 | |a English languages,Tiếng Anh | ||
| 650 | |x Study and teaching,Dạy và học | ||
| 904 | |i Nguyên | ||
| 910 | |a Khoa | ||
| 980 | |a Trung tâm Học liệu Trường Đại học Cần Thơ | ||